Thinking Contemporary Curating /

Saved in:
Bibliographic Details
Main Author: Smith, Terry (Author)
Format: Book
Language:English
Published: New York : Independent Curators International, 2012
Edition:1. vydanie
Series:Perspectives in Curating 1
Subjects:
Tags: Add Tag
No Tags, Be the first to tag this record!

MARC

LEADER 00000nam a22000003a 4500
001 0071997
003 SK-STU
005 20200120111351.9
007 ta
008 190228s ----xo-----e------000-0-----d
020 |a 978-0-916365-86-8 
040 |a STU  |b slo 
041 0 |a eng 
044 |a xxu 
100 1 |a Smith, Terry  |4 aut 
245 1 0 |a Thinking Contemporary Curating /  |c aut. Terry Smith 
250 |a 1. vydanie 
260 |a New York :  |b Independent Curators International,  |c 2012 
300 |a 271 s. 
490 0 |a Perspectives in Curating  |v 1 
650 0 7 |a výtvarné umenie 
650 0 7 |a vizuálne umenie 
650 0 7 |a kurátorstvo 
996 |b 284AU07948  |c A* 11208/U  |l AAKNAR  |s A  |a 24  |w 0071997_0001